| 000 | 00610cab a2200229 4500 | ||
|---|---|---|---|
| 001 | ABS59230 | ||
| 008 | 090401t1998 xxu||||| |||| 00| 0 eng d | ||
| 035 | _a(Sirsi) u88113 | ||
| 041 | _aeng | ||
| 100 | _aBooty, F. | ||
| 245 | _aBusiness rates for 2000 | ||
| 260 | _c1998 | ||
| 350 | _a0 | ||
| 490 |
_aFacilities Management _v5(6) August 1998, 18(1) |
||
| 520 | _aDiscusses how the new rating list in 2000 will affect business rates. | ||
| 650 | _aBUSINESS RATES | ||
| 650 | _aRATING LIST | ||
| 650 | _aRATING REVALUATION | ||
| 690 | _aRATING AND VALUATION | ||
| 942 | _n0 | ||
| 948 | _c25/08/1998 | ||
| 999 |
_c55654 _d55654 |
||